| 000 | 00475nam a2200181Ia 4500 | ||
|---|---|---|---|
| 003 | LK-CoDNM | ||
| 008 | 010623t2008 xxu||||| |||| 00| 1 sin d | ||
| 040 |
_aLK-CoDNM _dLK-CoDNM _eLK-CoDNM |
||
| 041 | _asin | ||
| 080 |
_a001 _bSUR |
||
| 100 | _aSuravira,Ayoma Sadamali | ||
| 245 | _aසාමාන්ය දැනීම | ||
| 246 | _aSamanya Danima | ||
| 260 |
_bMalpiyali _aDankotuwa _c2008 |
||
| 300 | _b96p.;22 cm cm | ||
| 650 | _aGeneral Knowledge | ||
| 942 | _cBK | ||
| 999 |
_c128180 _d128180 |
||